000 00807cam a2200253 a 4500
001 000017378
005 20200929165108.0
008 780202s1976 ja b 000 0 eng d
040 _aDO-SdBNP
_cDLC
_dDLC
_dBNPHU
043 _aa-ja
082 _a895.65
_bA652m
245 0 0 _aApproaches to the modern Japanese novel /
_ceditado por Kinya Tsuruta & Thomas E. Swann.
260 _aTokyo :
_bSophia University,
_c1976.
300 _aii, 244 p. ;
_c21 cm.
490 1 _aSophia
504 _aIncluye referencias bibliográficas y notas al pie de las páginas.
650 4 _aNovela japonesa
_94300
650 4 _aLiteratura japonesa
_94301
700 1 _aTsuruta, Kinya,
_d1932-
_938051
700 1 _aSwann, Thomas E.
_938052
830 0 _aSophia
_938053
910 _aCatalogación derivada
049 _aBNGR
999 _c16903
_d16903